[Event "ESP-chT Rapid"]
[Site "Ubeda"]
[Date "2023.09.23"]
[Round "2.6"]
[White "Buendia Pinar, Alvaro"]
[Black "Galan Martin, Alejandro"]
[Result "1/2-1/2"]
[WhiteElo "2334"]
[BlackElo "2091"]
[PlyCount "177"]
[EventDate "2023.09.23"]
[EventType "team-swiss (rapid)"]
[EventRounds "9"]
[EventCountry "ESP"]
[SourceTitle "EXT 2024"]
[Source "ChessBase"]
[SourceDate "2023.10.10"]
[SourceVersion "1"]
[SourceVersionDate "2023.10.10"]
[SourceQuality "1"]
[WhiteTeam "Excalibur"]
[BlackTeam "Patrimonio de la Humanidad"]
[WhiteTeamCountry "ESP"]
[BlackTeamCountry "ESP"]

1. d4 e6 2. c4 d5 3. Nc3 Nf6 4. Bg5 Be7 5. e3 Nbd7 6. Nf3 0-0 7. Rc1 b6 8. cxd5 exd5 9. Bd3 Bb7 10. 0-0 c5 11. Bb1 Ne4 12. Bxe7 Qxe7 13. dxc5 Nxc3 14. Rxc3 Nxc5 15. Qd4 Ne4 16. Rcc1 Rac8 17. h3 g6 18. a3 Rfd8 19. Rfd1 Qe6 20. Ba2 Qf5 21. Qa4 a6 22. Qd4 Qe6 23. Nd2 Nf6 24. b4 h5 25. Bb3 Kh7 26. Nf3 Kg8 27. Ng5 Qf5 28. Qxb6 Qxg5 29. Qxb7 Rxc1 30. Rxc1 a5 31. bxa5 Ne4 32. Qc7 Re8 33. Qf4 Qd8 34. Rd1 Nc3 35. Rd2 Qxa5 36. Qb4 Qxb4 37. axb4 Rb8 38. Kh2 Rxb4 39. Bxd5 Nxd5 40. Rxd5 Kg7 41. Kg3 Rc4 42. Rd4 Rc5 43. h4 Rb5 44. f3 Ra5 45. e4 Rb5 46. Kf4 Ra5 47. g3 Rb5 48. Rd5 Rb3 49. Rd7 Rb5 50. Ra7 Rb4 51. Ra5 Rc4 52. g4 hxg4 53. Kxg4 Rb4 54. Kf4 Rb3 55. h5 gxh5 56. Rxh5 Kf6 57. Rf5+ Ke7 58. Ra5 Kf6 59. Ra6+ Kg7 60. Kg4 Rb4 61. Kf5 Rb5+ 62. e5 Rc5 63. f4 Rb5 64. Ra7 Rc5 65. Re7 Ra5 66. Kg5 Kf8 67. Kf6 Ra6+ 68. e6 fxe6 69. Rxe6 Ra4 70. f5 Ra7 71. Rb6 Rf7+ 72. Ke5 Re7+ 73. Re6 Ra7 74. Rb6 Re7+ 75. Kf6 Rf7+ 76. Kg5 Rg7+ 77. Rg6 Ra7 78. Rh6 Rg7+ 79. Kf4 Rg1 80. Rh7 Rg7 81. Rh2 Ra7 82. Rh6 Kg7 83. Kg5 Ra2 84. f6+ Kg8 85. Rg6+ Kf8 86. Rh6 Rg2+ 87. Kf5 Rf2+ 88. Ke5 Re2+ 89. Kd4 1/2-1/2

[Event "ESP-chT Rapid"]
[Site "Ubeda"]
[Date "2023.09.23"]
[Round "3.5"]
[White "Galan Martin, Alejandro"]
[Black "Fernandez Lopez, Ruben"]
[Result "0-1"]
[WhiteElo "2091"]
[BlackElo "2289"]
[PlyCount "52"]
[EventDate "2023.09.23"]
[EventType "team-swiss (rapid)"]
[EventRounds "9"]
[EventCountry "ESP"]
[SourceTitle "EXT 2024"]
[Source "ChessBase"]
[SourceDate "2023.10.10"]
[SourceVersion "1"]
[SourceVersionDate "2023.10.10"]
[SourceQuality "1"]
[WhiteTeam "Patrimonio de la Humanidad"]
[BlackTeam "Pola Paz Estratexia"]
[WhiteTeamCountry "ESP"]
[BlackTeamCountry "ESP"]

1. e4 c5 2. Nf3 d6 3. d4 cxd4 4. Nxd4 Nf6 5. Nc3 Nc6 6. h3 g6 7. Be3 Bg7 8. g4 0-0 9. Bg2 Bd7 10. 0-0 Rc8 11. g5 Nh5 12. h4 Ne5 13. f4 Nc4 14. Qc1 Nxe3 15. Qxe3 Qb6 16. e5 Nxf4 17. Rxf4 dxe5 18. Nd5 exf4 19. Nxb6 fxe3 20. Nxc8 Bxd4 21. Nxe7+ Kg7 22. c3 Bc5 23. Nd5 e2+ 24. Kh2 Bf2 25. Nf6 Bc6 26. Bxc6 bxc6 0-1

[Event "ESP-ch U18"]
[Site "Padron"]
[Date "2011.07.31"]
[Round "9"]
[White "Galan Martin, Alejandro"]
[Black "Martinez Ramirez, Erik"]
[Result "0-1"]
[WhiteElo "2018"]
[BlackElo "2257"]
[PlyCount "86"]
[EventDate "2011.07.25"]
[EventType "tourn"]
[EventRounds "9"]
[EventCountry "ESP"]
[SourceTitle "EXT 2012"]
[Source "ChessBase"]
[SourceDate "2011.11.24"]
[SourceVersion "1"]
[SourceVersionDate "2011.11.24"]
[SourceQuality "1"]

1. e4 c5 2. Nf3 g6 3. d4 cxd4 4. Nxd4 Nf6 5. Nc3 Nc6 6. Nb3 d6 7. Be2 Bg7 8. g4 Be6 9. g5 Nd7 10. Nd5 Rc8 11. c3 a6 12. Be3 h6 13. gxh6 Bxh6 14. Bxh6 Rxh6 15. h4 Bxd5 16. exd5 Nce5 17. Qd2 Rh7 18. 0-0-0 Nf6 19. f4 Nc4 20. Qd4 Nb6 21. Bf3 Rc4 22. Qe3 Qc7 23. Kb1 Kd8 24. Rh2 Kc8 25. Rhh1 Kb8 26. Rh2 Rh8 27. Rhh1 Rh7 28. Rh2 Qd8 29. Rhh1 Rc8 30. Rd4 Qd7 31. Na5 Qf5+ 32. Ka1 Nbxd5 33. Qd2 e6 34. c4 Ne3 35. Qxe3 Qxa5 36. Rxd6 Rxc4 37. Rhd1 Qc5 38. Rd8+ Ka7 39. Qd2 Rc2 40. Qe1 Qb6 41. b3 Nd5 42. Bxd5 Qxd8 43. Be4 Qf6+ 0-1

[Event "ESP-ch U18"]
[Site "Padron"]
[Date "2011.07.30"]
[Round "8"]
[White "Arribas Lopez, Angel"]
[Black "Galan Martin, Alejandro"]
[Result "1-0"]
[WhiteElo "2443"]
[BlackElo "2018"]
[PlyCount "53"]
[EventDate "2011.07.25"]
[EventType "tourn"]
[EventRounds "9"]
[EventCountry "ESP"]
[SourceTitle "EXT 2012"]
[Source "ChessBase"]
[SourceDate "2011.11.24"]
[SourceVersion "1"]
[SourceVersionDate "2011.11.24"]
[SourceQuality "1"]

1. e4 e6 2. b3 d5 3. Bb2 Nf6 4. e5 Nfd7 5. f4 c5 6. Nf3 Nc6 7. Bb5 Be7 8. 0-0 Qb6 9. c4 d4 10. d3 a6 11. Ba4 Qc7 12. Nbd2 Rb8 13. Bxc6 Qxc6 14. Ne4 b5 15. Rc1 b4 16. Nfg5 Bb7 17. Qh5 g6 18. Qh6 Bf8 19. Qh3 h5 20. Rce1 Qc7 21. Nxf7 Kxf7 22. Ng5+ Kg8 23. Qxe6+ Kg7 24. f5 Qc6 25. Qf7+ Kh6 26. Ne4 Bg7 27. Bc1+ 1-0

[Event "ESP-ch U18"]
[Site "Padron"]
[Date "2011.07.27"]
[Round "5"]
[White "Galan Martin, Alejandro"]
[Black "Moral Garcia, Serafin"]
[Result "1-0"]
[WhiteElo "2018"]
[BlackElo "2182"]
[PlyCount "113"]
[EventDate "2011.07.25"]
[EventType "tourn"]
[EventRounds "9"]
[EventCountry "ESP"]
[SourceTitle "EXT 2012"]
[Source "ChessBase"]
[SourceDate "2011.11.24"]
[SourceVersion "1"]
[SourceVersionDate "2011.11.24"]
[SourceQuality "1"]

1. e4 e5 2. Nf3 Nc6 3. Bb5 a6 4. Ba4 Nf6 5. 0-0 Be7 6. Re1 b5 7. Bb3 d6 8. c3 0-0 9. h3 Na5 10. Bc2 c5 11. d4 Nd7 12. Nbd2 exd4 13. cxd4 Nc6 14. Nf1 cxd4 15. Nxd4 Nxd4 16. Qxd4 Ne5 17. Ne3 Bxh3 18. f4 Nc6 19. Qd1 Be6 20. g3 Bf6 21. Kg2 Nd4 22. Bd3 g6 23. Bd2 Bg7 24. Bc3 d5 25. exd5 Bc8 26. Bxg6 fxg6 27. Bxd4 Bb7 28. Bxg7 Kxg7 29. Qd4+ Kg8 30. Red1 Qd6 31. Qe5 Rad8 32. Qxd6 Rxd6 33. Rd3 Rfd8 34. Rad1 Kf7 35. g4 R6d7 36. Kg3 Ke7 37. g5 Kf8 38. d6 Kf7 39. Ng4 Ke6 40. Re3+ Kf7 41. Ne5+ Kf8 42. Nxd7+ Rxd7 43. b4 Rd8 44. d7 Bc6 45. Re8+ Rxe8 46. dxe8Q+ Kxe8 47. Rd6 Bb7 48. Kf2 Ke7 49. Rb6 Bc8 50. Ke3 Kd7 51. Kd4 Kc7 52. Rf6 Kd7 53. Rf8 Bb7 54. Rf7+ Kc6 55. Rxh7 Bc8 56. Rf7 Bf5 57. Rxf5 1-0

[Event "ESP-ch U18"]
[Site "Granada"]
[Date "2009.07.23"]
[Round "6"]
[White "Galan Martin, Alejandro"]
[Black "Millan Soto, Miguel"]
[Result "1/2-1/2"]
[WhiteElo "1961"]
[BlackElo "2014"]
[PlyCount "160"]
[EventDate "2009.07.20"]
[EventType "swiss"]
[EventRounds "9"]
[EventCountry "ESP"]
[SourceTitle "CBM 131 Extra"]
[Source "ChessBase"]
[SourceDate "2009.09.03"]
[SourceVersion "2"]
[SourceVersionDate "2009.09.16"]
[SourceQuality "1"]

1. e4 c5 2. Nc3 a6 3. Nf3 e6 4. d4 cxd4 5. Nxd4 Qc7 6. Be2 Nf6 7. 0-0 Be7 8. Be3 d6 9. f4 Nbd7 10. Bf3 0-0 11. Qe1 Nb6 12. Kh1 Nc4 13. Bc1 Rb8 14. a4 Qc5 15. Nb3 Qc7 16. Qf2 e5 17. Qg3 Kh8 18. Be2 b5 19. axb5 axb5 20. Qd3 Bd7 21. f5 Rfc8 22. g4 b4 23. Nd5 Nxd5 24. Qxd5 f6 25. Qf7 Bb5 26. Rf3 Qb7 27. Bd3 Be8 28. Qe6 Nb6 29. Be3 Qd7 30. Bxb6 Rxb6 31. Qxd7 Bxd7 32. Ra7 Rd8 33. Rf1 Bf8 34. Rfa1 Rbb8 35. Rc7 Rbc8 36. Raa7 Bc6 37. Na5 Ba8 38. Rxc8 Rxc8 39. Nc4 Rb8 40. Nb6 Bc6 41. Rc7 Rxb6 42. Rc8 g6 43. Rxf8+ Kg7 44. Rd8 b3 45. c3 gxf5 46. gxf5 Kh6 47. Kg2 Bb7 48. Kg3 Ba6 49. Bxa6 Rxa6 50. Rb8 Ra4 51. Rb4 Ra1 52. Rxb3 Kg5 53. h4+ Kh5 54. Rb7 h6 55. b4 Rg1+ 56. Kf3 Kxh4 57. c4 Rg3+ 58. Kf2 Rc3 59. Rc7 Kg4 60. b5 Kf4 61. Ke2 Kxe4 62. Rc6 Kxf5 63. Kd2 Rb3 64. Rxd6 h5 65. b6 e4 66. Rd5+ Ke6 67. Rxh5 Rxb6 68. Ke3 Rc6 69. Kxe4 Rxc4+ 70. Ke3 f5 71. Rh6+ Ke5 72. Ra6 Rc3+ 73. Kf2 Kf4 74. Ra4+ Kg5 75. Kg2 f4 76. Ra8 Rg3+ 77. Kf2 Rb3 78. Rg8+ Kf5 79. Rf8+ Kg4 80. Rg8+ Kf5 1/2-1/2

[Event "ESP-ch U18"]
[Site "Granada"]
[Date "2009.07.20"]
[Round "1"]
[White "Galan Martin, Alejandro"]
[Black "Cabrera Trujillo, Jorge Juan"]
[Result "1/2-1/2"]
[WhiteElo "1961"]
[BlackElo "2410"]
[PlyCount "114"]
[EventDate "2009.07.20"]
[EventType "swiss"]
[EventRounds "9"]
[EventCountry "ESP"]
[SourceTitle "CBM 131 Extra"]
[Source "ChessBase"]
[SourceDate "2009.09.03"]
[SourceVersion "2"]
[SourceVersionDate "2009.09.16"]
[SourceQuality "1"]

1. e4 c5 2. Nf3 d6 3. d4 cxd4 4. Nxd4 Nf6 5. Nc3 a6 6. h3 e6 7. g4 d5 8. exd5 Nxd5 9. Nde2 Bb4 10. Bg2 Qc7 11. Bxd5 exd5 12. Qd4 Bxc3+ 13. Qxc3 Qxc3+ 14. Nxc3 Be6 15. Be3 h5 16. 0-0-0 Nc6 17. Nxd5 Rc8 18. Nb6 Rd8 19. Rxd8+ Kxd8 20. g5 Ne7 21. Na4 Nf5 22. Nc5 Nxe3 23. fxe3 Ke7 24. h4 Rc8 25. Nb3 Bxb3 26. axb3 Rd8 27. Rf1 Rd6 28. c3 f6 29. gxf6+ Rxf6 30. Rg1 Kf7 31. Kd2 Rf2+ 32. Kd3 Rxb2 33. b4 Rf2 34. Rg5 g6 35. Rc5 Ke6 36. Rg5 Rf6 37. Kd4 Kf7 38. Rd5 Ke7 39. Rc5 Rd6+ 40. Ke4 Rd1 41. Rc7+ Rd7 42. Rc8 Kf6 43. Rf8+ Rf7 44. Rg8 Rd7 45. Rf8+ Kg7 46. Rc8 Re7+ 47. Kf4 Rf7+ 48. Ke4 Kf6 49. Kf4 g5+ 50. hxg5+ Kg6+ 51. Ke5 Rf5+ 52. Ke6 Rxg5 53. e4 h4 54. e5 Kg7 55. Rc7+ Kg6 56. Rc8 Kg7 57. Rc7+ Kg6 1/2-1/2

[Event "ESP-ch U16"]
[Site "Granada"]
[Date "2009.07.14"]
[Round "2"]
[White "Galan Martin, Alejandro"]
[Black "Pintor Munoz, Antonio"]
[Result "1-0"]
[WhiteElo "1961"]
[BlackElo "2278"]
[PlyCount "67"]
[EventDate "2009.07.14"]
[EventType "swiss"]
[EventRounds "9"]
[EventCountry "ESP"]
[SourceTitle "CBM 131 Extra"]
[Source "ChessBase"]
[SourceDate "2009.09.03"]
[SourceVersion "2"]
[SourceVersionDate "2009.09.16"]
[SourceQuality "1"]

1. e4 e6 2. d4 d5 3. Nc3 Nf6 4. exd5 exd5 5. Bg5 Be7 6. Bd3 Nc6 7. Nge2 0-0 8. 0-0 Nb4 9. Re1 c6 10. Ng3 Nxd3 11. Qxd3 h6 12. Bf4 Re8 13. f3 Be6 14. Nd1 b6 15. Ne3 Bd6 16. Bxd6 Qxd6 17. c3 c5 18. a3 c4 19. Qc2 b5 20. Qd2 g6 21. Re2 a5 22. Rae1 Kh7 23. Nef1 b4 24. axb4 axb4 25. h4 b3 26. h5 gxh5 27. Re5 h4 28. Qf4 hxg3 29. Qxf6 Qf8 30. Nxg3 Qg7 31. Nh5 Qg6 32. Qf4 f5 33. Qh4 Kh8 34. Nf4 1-0

[Event "ESP-ch U18"]
[Site "Padron"]
[Date "2008.07.31"]
[Round "7"]
[White "Guadamuro Torrente, Anabel"]
[Black "Galan Martin, Alejandro"]
[Result "1/2-1/2"]
[WhiteElo "2105"]
[BlackElo "1925"]
[PlyCount "105"]
[EventDate "2008.07.27"]
[EventType "swiss"]
[EventRounds "9"]
[EventCountry "ESP"]
[SourceTitle "CBM 125 Extra"]
[Source "ChessBase"]
[SourceDate "2008.09.01"]
[SourceVersion "1"]
[SourceVersionDate "2008.09.01"]
[SourceQuality "1"]

1. e4 e6 2. Nf3 d5 3. Nc3 Nf6 4. e5 Nfd7 5. d4 c5 6. dxc5 Nc6 7. Bf4 Bxc5 8. Bd3 h6 9. h4 a6 10. Qe2 Nb4 11. a3 Nxd3+ 12. cxd3 b5 13. 0-0 Bb7 14. d4 Be7 15. h5 0-0 16. Nh2 Nb6 17. Rad1 Rc8 18. Rd3 Kh7 19. Qg4 Nc4 20. Rg3 Rg8 21. Bc1 Qb6 22. Ne2 Bc6 23. f4 Bd7 24. Nf3 b4 25. Nh4 bxa3 26. bxa3 a5 27. Kh2 a4 28. f5 Bxh4 29. Qxh4 exf5 30. Nc3 Qc6 31. Qe7 Be6 32. Ne2 Rb8 33. Nf4 Rb7 34. Qh4 Rb1 35. Nxe6 fxe6 36. Qf4 Qe8 37. Rg6 Rxc1 38. Rxc1 Qe7 39. Rc3 Rb8 40. Rgg3 Rb1 41. Rgd3 Rb7 42. Qg3 Qf7 43. Qh4 Qe7 44. Qh3 Rb1 45. Rg3 Rb8 46. Rg6 Rf8 47. Qg3 Rb8 48. Rd3 Nb2 49. Rf3 Nc4 50. Rc3 Rb7 51. Qf4 Rb3 52. Rc1 Rxa3 53. Rg3 1/2-1/2

[Event "ESP-ch U18"]
[Site "Padron"]
[Date "2008.07.28"]
[Round "3"]
[White "Galan Martin, Alejandro"]
[Black "Galan Martin, Pedro Juan"]
[Result "1/2-1/2"]
[WhiteElo "1925"]
[BlackElo "2114"]
[PlyCount "78"]
[EventDate "2008.07.27"]
[EventType "swiss"]
[EventRounds "9"]
[EventCountry "ESP"]
[SourceTitle "CBM 125 Extra"]
[Source "ChessBase"]
[SourceDate "2008.09.01"]
[SourceVersion "1"]
[SourceVersionDate "2008.09.01"]
[SourceQuality "1"]

1. e4 c5 2. Nf3 d6 3. d4 cxd4 4. Nxd4 Nf6 5. Nc3 a6 6. Bg5 e6 7. f4 Qc7 8. Qf3 b5 9. a3 Nbd7 10. 0-0-0 Rb8 11. g4 b4 12. axb4 Rxb4 13. Bxf6 Nxf6 14. g5 Nd7 15. b3 g6 16. f5 Ne5 17. Qg3 Qc5 18. Na4 Qa5 19. fxe6 Bxe6 20. Nxe6 fxe6 21. Bh3 Ke7 22. Qf2 Bg7 23. Qa7+ Nd7 24. Rhf1 Qxg5+ 25. Kb1 Qb5 26. Nb2 Bf6 27. Rxf6 Kxf6 28. e5+ Nxe5 29. Rf1+ Kg5 30. Qe3+ Kh5 31. Rg1 h6 32. Bf1 Qc5 33. Be2+ Ng4 34. Qh3+ Kg5 35. Rxg4+ Rxg4 36. Qxg4+ Kf6 37. Qf3+ Qf5 38. Qc3+ Qe5 39. Qf3+ Qf5 1/2-1/2

[Event "ESP-ch U18"]
[Site "Padron"]
[Date "2008.07.27"]
[Round "2"]
[White "Perez Munoz, Jorge"]
[Black "Galan Martin, Alejandro"]
[Result "0-1"]
[WhiteElo "1725"]
[BlackElo "1925"]
[PlyCount "84"]
[EventDate "2008.07.27"]
[EventType "swiss"]
[EventRounds "9"]
[EventCountry "ESP"]
[SourceTitle "CBM 125 Extra"]
[Source "ChessBase"]
[SourceDate "2008.09.01"]
[SourceVersion "1"]
[SourceVersionDate "2008.09.01"]
[SourceQuality "1"]

1. e4 e6 2. d4 d5 3. Nc3 Bb4 4. Nge2 Ne7 5. Bd2 Bxc3 6. Nxc3 dxe4 7. Bf4 Ng6 8. Bg3 f5 9. h3 f4 10. Bh2 e3 11. fxe3 Qh4+ 12. Kd2 fxe3+ 13. Kc1 c6 14. Qf3 Qxd4 15. Bd3 Qf6 16. Qxe3 0-0 17. Bd6 Re8 18. Ne4 Qd8 19. Bxb8 Rxb8 20. Qxa7 Qc7 21. Rf1 Nf4 22. Nc5 Nxd3+ 23. cxd3 Bd7 24. Na6 Qa5 25. Qd4 bxa6 26. Qxd7 Qg5+ 27. Kd1 Qxg2 28. Qf7+ Kh8 29. Rc1 Rbd8 30. Qf3 Qxb2 31. Rxc6 Qb1+ 32. Kd2 Qxa2+ 33. Ke3 Qa3 34. Ke4 Qb4+ 35. Ke3 Qd4+ 36. Ke2 Rb8 37. Rxa6 Rec8 38. Rc6 Qb2+ 39. Kd1 Qa1+ 40. Ke2 Qa2+ 41. Ke3 Qa7+ 42. Ke4 Qb7 0-1

[Event "ESP-ch U16"]
[Site "Padron"]
[Date "2008.07.24"]
[Round "8"]
[White "Galan Martin, Alejandro"]
[Black "Bardera Gil, Sergi"]
[Result "1-0"]
[WhiteElo "1925"]
[BlackElo "2101"]
[PlyCount "83"]
[EventDate "2008.07.20"]
[EventType "swiss"]
[EventRounds "9"]
[EventCountry "ESP"]
[SourceTitle "EXT 2010"]
[Source "ChessBase"]
[SourceDate "2010.11.25"]
[SourceVersion "1"]
[SourceVersionDate "2010.11.25"]
[SourceQuality "1"]

1. e4 c5 2. Nf3 Nc6 3. d4 cxd4 4. Nxd4 Nf6 5. Nc3 e6 6. Nxc6 bxc6 7. e5 Nd5 8. Nxd5 cxd5 9. Bd3 Qh4 10. Qf3 Qd4 11. Qg3 Bb4+ 12. Ke2 Bf8 13. Re1 g6 14. Kf1 Bg7 15. Bd2 Qxb2 16. Rab1 Qxa2 17. Bb4 Ba6 18. Qh4 Bf8 19. Bxf8 Rxf8 20. Rb4 Bxd3+ 21. cxd3 Qd2 22. Reb1 Qxd3+ 23. Kg1 Rc8 24. Rb8 Qc3 25. h3 h5 26. Rxc8+ Qxc8 27. Qd4 Qc7 28. Kh1 Ke7 29. Qb4+ d6 30. exd6+ Qxd6 31. Qh4+ g5 32. Qxg5+ Kd7 33. Rb7+ Kc6 34. Rxa7 Qc5 35. Ra6+ Kb7 36. Ra1 Qb4 37. Qxh5 Qb2 38. Qd1 Kc7 39. Ra7+ Kd6 40. Qf3 f5 41. Qf4+ e5 42. Qh6+ 1-0

[Event "Extremadura-chT"]
[Site "Spain"]
[Date "2007.02.24"]
[Round "6.1"]
[White "Planton Blanco, Jose Miguel"]
[Black "Galan Martin, Alejandro"]
[Result "0-1"]
[WhiteElo "1962"]
[BlackElo "1847"]
[PlyCount "76"]
[EventDate "2007.01.20"]
[EventType "team-swiss"]
[EventRounds "7"]
[EventCountry "ESP"]
[SourceTitle "EXT 2011"]
[Source "ChessBase"]
[SourceDate "2010.11.26"]
[SourceVersion "1"]
[SourceVersionDate "2010.11.26"]
[SourceQuality "1"]
[WhiteTeam "Don Benito"]
[BlackTeam "Casareno"]
[WhiteTeamCountry "ESP"]
[BlackTeamCountry "ESP"]

1. d4 e6 2. Nf3 d5 3. e3 Nf6 4. Bd3 Nbd7 5. Nbd2 Bd6 6. 0-0 c5 7. c3 0-0 8. Re1 b6 9. e4 dxe4 10. Nxe4 Be7 11. Bf4 Nd5 12. Bg3 a5 13. Qe2 Re8 14. Nd6 Bxd6 15. Bxd6 cxd4 16. c4 N5f6 17. Nxd4 Nc5 18. Bxc5 bxc5 19. Nb5 Qb6 20. Qe5 Rd8 21. Rad1 Bb7 22. f3 Rd7 23. Rd2 Rad8 24. Red1 Bc6 25. a4 Ne8 26. h4 Bxb5 27. axb5 Rd4 28. Kf2 Nd6 29. Ke2 a4 30. h5 h6 31. g4 Kf8 32. g5 hxg5 33. Qxg5 Qc7 34. h6 gxh6 35. Qxh6+ Ke7 36. Ra1 Nf5 37. Qg5+ f6 38. Qg4 Qe5+ 0-1

[Event "Extremadura-chT"]
[Site "Spain"]
[Date "2007.02.17"]
[Round "5.1"]
[White "Galan Martin, Alejandro"]
[Black "Aguado Solana, Juan"]
[Result "1/2-1/2"]
[WhiteElo "1847"]
[BlackElo "2019"]
[PlyCount "86"]
[EventDate "2007.01.20"]
[EventType "team-swiss"]
[EventRounds "7"]
[EventCountry "ESP"]
[SourceTitle "EXT 2011"]
[Source "ChessBase"]
[SourceDate "2010.11.26"]
[SourceVersion "1"]
[SourceVersionDate "2010.11.26"]
[SourceQuality "1"]
[WhiteTeam "Casareno"]
[BlackTeam "La Galeria"]
[WhiteTeamCountry "ESP"]
[BlackTeamCountry "ESP"]

1. e4 e5 2. Nf3 Nc6 3. Bb5 a6 4. Ba4 Nf6 5. 0-0 Nxe4 6. Re1 Nc5 7. Bxc6 dxc6 8. Nxe5 Be6 9. d4 Nd7 10. Bf4 Be7 11. c3 Nb6 12. Nd2 c5 13. dxc5 Nd5 14. Bg3 Bxc5 15. Nb3 Bb6 16. Nd4 Bxd4 17. Qxd4 0-0 18. Rad1 Re8 19. Nf3 Qc8 20. Rd2 c5 21. Qd3 Nb6 22. b3 Bg4 23. Rxe8+ Qxe8 24. h3 Bxf3 25. gxf3 c4 26. Qd4 cxb3 27. axb3 Rc8 28. Kg2 Rc6 29. c4 h6 30. Kh2 Nc8 31. Qd7 Qxd7 32. Rxd7 b6 33. Kg2 Kf8 34. Bc7 a5 35. Kf1 Ke8 36. Rd8+ Ke7 37. Rxc8 Kd7 38. Rf8 Rxc7 39. Rxf7+ Kc6 40. Rxc7+ Kxc7 41. Ke2 Kd6 42. Kd3 g5 43. Kd4 Kc6 1/2-1/2

[Event "Extremadura-chT"]
[Site "Spain"]
[Date "2007.02.10"]
[Round "4.1"]
[White "Lorenzo Grande, Jorge"]
[Black "Galan Martin, Alejandro"]
[Result "1-0"]
[WhiteElo "1954"]
[BlackElo "1847"]
[PlyCount "79"]
[EventDate "2007.01.20"]
[EventType "team-swiss"]
[EventRounds "7"]
[EventCountry "ESP"]
[SourceTitle "EXT 2011"]
[Source "ChessBase"]
[SourceDate "2010.11.26"]
[SourceVersion "1"]
[SourceVersionDate "2010.11.26"]
[SourceQuality "1"]
[WhiteTeam "Ateneo Cacereno II"]
[BlackTeam "Casareno"]
[WhiteTeamCountry "ESP"]
[BlackTeamCountry "ESP"]

1. e4 e6 2. d3 d5 3. Nd2 Nf6 4. Ngf3 c5 5. c3 Nc6 6. g3 Bd6 7. Bg2 Qc7 8. a4 b6 9. 0-0 Bb7 10. Qe2 0-0-0 11. Re1 dxe4 12. dxe4 Nd7 13. Nc4 Be7 14. a5 h5 15. a6 Ba8 16. h4 e5 17. Na3 Nf6 18. Nb5 Qd7 19. Ng5 Qe8 20. Qc4 Rf8 21. Bh3+ Kb8 22. f4 Ng4 23. fxe5 Ngxe5 24. Bf4 Bxg5 25. hxg5 f6 26. gxf6 gxf6 27. Rad1 Qe7 28. Qe2 Rh8 29. Rxd8+ Qxd8 30. Rd1 Qf8 31. Qd3 h4 32. Qd7 Qe7 33. Qf5 Rd8 34. Rd6 Nf3+ 35. Kh1 Nce5 36. Rxf6 Rd1+ 37. Kg2 Rg1+ 38. Kf2 hxg3+ 39. Bxg3 Rd1 40. Qc8# 1-0